|
|
|
|
| LEADER |
00000nam a2200000 a 4500 |
| 001 |
vtls001065696 |
| 003 |
SK-MaSNL |
| 005 |
20260413122149.0 |
| 008 |
250414s1991 xo 0 slo |
| 015 |
|
|
|a SNBA1991/10
|
| 020 |
|
|
|a 8085163543
|
| 035 |
|
|
|a SNK000008526
|
| 040 |
|
|
|a SNK
|b slo
|c SNK
|e AACR2
|
| 041 |
0 |
|
|a slo
|
| 044 |
|
|
|a xo
|c SK
|
| 080 |
|
|
|a 820/899 (100)-3(087.5)=850
|2 1981
|
| 100 |
1 |
|
|a Barnabé, Joëlle
|4 aut
|9 245692
|
| 245 |
1 |
0 |
|a V říši pohádek
|c J. Barnabé, C. Busquets ; Hana Kašparovská, C. Busquets
|
| 250 |
|
|
|a 1. vyd.
|
| 260 |
|
|
|a Bratislava
|b Slovart
|c 1991
|e Košice
|f Východoslovenské tlačiarne
|
| 300 |
|
|
|a 162 s.
|c 24 cm
|
| 700 |
1 |
|
|a Busquets, Carlos
|4 aut
|9 41060
|
| 700 |
1 |
|
|a Kašparovská, Hana,
|d 1954-
|4 trl
|9 220979
|
| 700 |
1 |
|
|a Busquets, Carlos
|4 bkd
|9 41060
|
| 852 |
|
|
|a Slovenská národná knižnica
|
| 919 |
|
|
|a 80-85163-54-3
|
| 954 |
|
|
|a rozprávky autorské
|
| 958 |
|
|
|a LX
|
| 958 |
|
|
|a CZ
|
| 958 |
|
|
|a DB
|
| 958 |
|
|
|a TL
|
| 958 |
|
|
|a UP
|
| 999 |
|
|
|c 877005
|d 878935
|
| 952 |
|
|
|t P60, <05>, [BOOK], {605}
|a SNK
|b SNK
|y PREZ
|7 0
|p 17A0327044
|o snkSC 80158 D1
|i snkKSP 6396/91
|0 0
|1 0
|4 0
|d 2002-01-22
|l 0
|r 2004-12-31 00:00:00
|w 2026-02-24
|
| 952 |
|
|
|a SNK
|b SNK
|y PREZ
|7 0
|p 17A0945725
|o snkSC 80158
|0 0
|1 0
|4 0
|d 2012-08-13
|l 0
|r 2025-08-11 00:00:00
|w 2026-02-24
|